| 000 | 00984nam a22002777a 4500 | ||
|---|---|---|---|
| 001 | 8734 | ||
| 003 | FISKH | ||
| 005 | 20251017120836.0 | ||
| 008 | 251016b cb ||||| |||| 00| 0 eng d | ||
| 020 | _a9780824985981 | ||
| 040 |
_aFISKH _beng _cFISKH _dFISKH |
||
| 050 | _aHG221 .B47 | ||
| 082 | _a332.4 | ||
| 100 |
_aBerger, Melvin _eAuthor |
||
| 245 |
_aRound and round the money goes : _bWhat money is and how we use we use it / _cBy Melvin and Gilda Berger ; Illustrated by Jane McCreary |
||
| 260 |
_aNahville : _bIdeals publishing corporation , _c1993 |
||
| 300 |
_a48 pages : _bcolor illustrations ; _c22 cm |
||
| 505 | _aL | ||
| 520 | _aDiscusses how the practice of using coins and paper money evolved and explains the circle money travels as it is earned, saved, and spent. | ||
| 521 | 8 |
_a540
_bLexile |
|
| 521 | 8 |
_aL
_bRaz-Plus |
|
| 650 |
_aEconomics for kids _vMoney |
||
| 700 |
_aMcCreary, Jane _eIllustrator |
||
| 942 |
_2ddc _cBK _n0 |
||
| 999 |
_c8734 _d8734 |
||